000 00321nam a22001337a 4500
008 180215b xxu||||| |||| 00| 0 eng d
020 _a9780781719575
041 _aeng
080 _a616.12.008-073
100 _a7
101 _ashm
245 _aclinical electrocardiographic diagnosis
_cnoble.o.f
942 _2udc
_cBK
999 _c42594
_d42594